Nicky & Věra : příběh Nicholase Wintona a jeho dětí / Petr Sís ; z anglického originálu Nicky & Vera ... do češtiny přeložil autor
Record details
- ISBN: 978-80-86803-72-2
- Physical Description: 63 nečíslovaných stran : ilustrace (převážně barevné) ; 31 cm
- Edition: 1. české vydání
- Publisher: V Praze : Labyrint : 2021
Search for related items by subject
| Genre: | populárně-naučné publikace autorské knihy publikace pro děti popular works authors' books children's literature |
Available copies
- 1 of 1 copy available at Common Catalog SPOK.
Holds
- 0 current holds with 1 total copy.
Show Only Available Copies
| Location | Call Number / Copy Notes | Barcode | Shelving Location | Status | Due Date |
|---|---|---|---|---|---|
| The Jewish community of Prague | KD 3995 | 4638304960 | KD - Dětská beletrie | Available | - |
| LDR | 02742cam a2200685 i 4500 | ||
|---|---|---|---|
| 001 | 58042 | ||
| 003 | CZ-PrJAB | ||
| 005 | 20230613173202.0 | ||
| 007 | ta | ||
| 008 | 210401s2021 xr a c 000 jbcze d | ||
| 015 | . | ‡acnb003377130 | |
| 020 | . | ‡a978-80-86803-72-2 ‡q(Raketa ; ‡qvázáno) | |
| 035 | . | ‡a(CZ PrNK)nkc20213377130 | |
| 035 | . | ‡a(OCoLC)1302727087 | |
| 040 | . | ‡aCBA001 ‡bcze ‡dKLG001 ‡dBOA001 ‡erda | |
| 041 | 1 | . | ‡acze ‡heng |
| 043 | . | ‡ae-uk--- ‡ae-cs--- | |
| 045 | . | ‡ax3y1 | |
| 072 | 7. | ‡a323 ‡xVnitropolitický vývoj, politický život ‡2Konspekt ‡915 | |
| 072 | 7. | ‡a0/9-053.2 ‡xLiteratura pro děti a mládež (naučná) ‡2Konspekt ‡926 | |
| 080 | . | ‡a177.72-056.87 ‡2MRF | |
| 080 | . | ‡a(=411.16)-053.2 ‡2MRF | |
| 080 | . | ‡a94(100)"1939/1945" ‡2MRF | |
| 080 | . | ‡a(410) ‡2MRF | |
| 080 | . | ‡a(437) ‡2MRF | |
| 080 | . | ‡a(0.062) ‡2MRF | |
| 080 | . | ‡a(0.053.2) ‡2MRF | |
| 080 | . | ‡a(0.027.6)74/77 ‡2MRF | |
| 100 | 1 | . | ‡aSís, Petr, ‡d1949- ‡7jn19981002185 ‡4aut ‡4ill ‡4trl |
| 240 | 1 | 0. | ‡aNicky & Vera. ‡lČesky ‡7aun20221141216 |
| 245 | 1 | 0. | ‡aNicky & Věra : ‡bpříběh Nicholase Wintona a jeho dětí / ‡cPetr Sís ; z anglického originálu Nicky & Vera ... do češtiny přeložil autor |
| 246 | 3 | . | ‡aNicky a Věra |
| 246 | 3 | 0. | ‡aPříběh Nicholase Wintona a jeho dětí |
| 250 | . | ‡a1. české vydání | |
| 264 | 1. | ‡aV Praze : ‡bLabyrint : ‡bRaketa, ‡c2021 | |
| 300 | . | ‡a63 nečíslovaných stran : ‡bilustrace (převážně barevné) ; ‡c31 cm | |
| 336 | . | ‡atext ‡btxt ‡2rdacontent | |
| 336 | . | ‡astatický obraz ‡bsti ‡2rdacontent | |
| 337 | . | ‡abez média ‡bn ‡2rdamedia | |
| 338 | . | ‡asvazek ‡bnc ‡2rdacarrier | |
| 600 | 1 | 7. | ‡aWinton, Nicholas, ‡d1909-2015 ‡7ola2002146726 ‡2czenas |
| 648 | 7. | ‡a20.-21. století ‡7ch462155 ‡2czenas | |
| 648 | 7. | ‡a1939-1945 ‡7ch460653 ‡2czenas | |
| 648 | 7. | ‡a1938-1939 ‡7ch460652 ‡2czenas | |
| 650 | 0 | 7. | ‡afilantropové ‡7ph210131 ‡zVelká Británie ‡y20.-21. století ‡2czenas |
| 650 | 0 | 7. | ‡ažidovské děti ‡7ph127997 ‡zČeskoslovensko ‡y1939-1945 ‡2czenas |
| 650 | 0 | 7. | ‡ažidovské děti ‡7ph127997 ‡xzáchrana ‡y1938-1939 ‡2czenas |
| 650 | 0 | 7. | ‡adruhá světová válka (1939-1945) ‡7ph117270 ‡2czenas |
| 650 | 0 | 9. | ‡aphilanthropists ‡zGreat Britain ‡y20th-21st centuries ‡2eczenas |
| 650 | 0 | 9. | ‡aJewish children ‡zCzechoslovakia ‡y1939-1945 ‡2eczenas |
| 650 | 0 | 9. | ‡aJewish children ‡xrescue ‡y1938-1939 ‡2eczenas |
| 650 | 0 | 9. | ‡aWorld War (1939-1945) ‡xrescue ‡y1938-1939 ‡2eczenas |
| 655 | 7. | ‡apopulárně-naučné publikace ‡7fd131864 ‡2czenas | |
| 655 | 7. | ‡aautorské knihy ‡7fd756049 ‡2czenas | |
| 655 | 7. | ‡apublikace pro děti ‡7fd133156 ‡2czenas | |
| 655 | 9. | ‡apopular works ‡2eczenas | |
| 655 | 9. | ‡aauthors' books ‡2eczenas | |
| 655 | 9. | ‡achildren's literature ‡2eczenas | |
| 910 | . | ‡aABE461 | |
| 995 | . | ‡aska | |
| 901 | . | ‡a58042 ‡bAUTOGEN ‡c58042 ‡tbiblio | |